logo

ERASE UNA VEZ EL ZORO Y EL ERIZO: LAS HUMANIDADES Y LA CIENCIA EN EL TERCER MILENIO (Record no. 74799)

MARC details
000 -CABECERA
campo de control de longitud fija 00549nam a2200181Ia 4500
001 - NÚMERO DE CONTROL
campo de control 29701
005 - FECHA Y HORA DE LA ÚLTIMA TRANSACCIÓN
campo de control 20260414093246.0
008 - CÓDIGOS DE INFORMACIÓN DE LONGITUD FIJA
campo de control de longitud fija 260115s9999 xx 000 0 und d
035 ## - NÚMERO DE CONTROL DEL SISTEMA
Número de control de sistema 19820
090 ## - LOCALMENTE ASIGNADO TIPO-LC NÚMERO DE CLASIFICACIÓN (OCLC); NÚMERO DE CLASIFICACIÓN LOCAL (RLIN)
Número de clasificación (OCLC) (R) ; Numero de clasificación CALL (RLIN) (NR) 573
100 ## - PUNTO DE ACCESO PRINCIPAL - NOMBRE DE PERSONA
Nombre de persona GOULD STEPHEN JAY
245 #0 - MENCIÓN DE TÍTULO
Título ERASE UNA VEZ EL ZORO Y EL ERIZO: LAS HUMANIDADES Y LA CIENCIA EN EL TERCER MILENIO
260 ## - PUBLICACIÓN, DISTRIBUCIÓN, ETC. (PIE DE IMPRENTA)
Nombre del editor distribuidor etc. CRITICA
Fecha de publicación distribución etc. 2004
630 ## - PUNTO DE ACCESO ADICIONAL DE MATERIA--TÍTULO UNIFORME
Título uniforme BIOLOGIA
650 ## - PUNTO DE ACCESO ADICIONAL DE MATERIA--TÉRMINO DE MATERIA
Término de materia o nombre geográfico como elemento inicial BIOLOGIA
942 ## - ELEMENTOS DE PUNTO DE ACCESO ADICIONAL (KOHA)
Tipo de ítem Koha Monografías
901 ## - ELEMENTOS DE DATOS A LOCAL LDA (RLIN)
a FH
b FH
y BK
p SEH_29701
i 26579
j 573
c GENERAL
t 1
z 23 X 16 CTMS, 344 PAGS, 84-8432-550-4 23,56 €
x 1
Holdings
Estado de retiro Estado de pérdida Estado dañado No para préstamo Localización permanente Ubicación/localización actual Ubicación en estantería Fecha de adquisición Número de inventario Número de control en estantería Número de registro Total de préstamos Código de barras Fecha visto por última vez Número de copia Precio válido a partir de Tipo de ítem Koha Nota pública
        Servicio de Estudios Históricos Servicio de Estudios Históricos   14/04/2026 26579 127 26579   SEH_29701 14/04/2026 1 14/04/2026 Monografías 23 X 16 CTMS, 344 PAGS, 84-8432-550-4 23,56 €